Statystyki dla Trenerzy Athleticu Bilbao w XXI w.

Kliknij tutaj aby rozwiązać quiz!

Ogólne statystyki

  • Ten quiz został rozwiązany 9 razy
  • Średni wynik to 4 z 13

Statystyki odpowiedzi

lataklub% Poprawnych
2003-2005Ernesto Valverde
89%
2013-2017Ernesto Valverde
89%
2011-2013Marcelo Bielsa
44%
2018Eduardo Berizzo
33%
2007-2011Joaquin Caparros
33%
2018-Gaizka Garitano
22%
2001-2003Jupp Heynckes
22%
2006Felix Sarriugarte
11%
2005-2006Javier Clemente
11%
2017-2018Jose Angel Ziganda
11%
2005Jose Luis Mendilibar
11%
2006-2007Jose Manuel Esnal
11%
2000-2001Txetxu Rojo
11%

Rozkład punktacji

Percentyl według liczby udzielonych odpowiedzi

Procent ludzi z każdym wynikiem

Twoja historia wyników

Nie rozwiązałeś tego quizu